Trouvez les villes à partir du plan du réseau de transports - Statistics

General Stats
  • This quiz has been taken 51 times
  • The average score is 11 of 52
Answer Stats
Picture Answer % Correct
Hong Kong
59%
Amsterdam
49%
Paris
47%
Rio de Janeiro
45%
New York
43%
Lisbonne
41%
Honolulu
39%
Londres
39%
Vienne
39%
Moscou
37%
Sofia
37%
Tokyo
35%
Alger
33%
Los Angeles
33%
Montréal
33%
Toulouse
29%
Lagos
24%
Boston
22%
Buenos Aires
22%
Panama
22%
Séoul
20%
Madrid
18%
Mumbai
18%
Seville
18%
Lyon
16%
Rome
16%
Toronto
16%
Berlin
14%
Pékin
14%
Singapour
14%
Stockholm
14%
Bilbao
12%
Copenhague
12%
Shanghai
12%
Athènes
10%
Lille
10%
Washington D.C
10%
Rotterdam
8%
Santiago
8%
Wuhan
8%
Atlanta
6%
Istanbul
6%
Le Caire
6%
Mexico
6%
Sydney
6%
Delhi
4%
Dubai
4%
Hanoi
4%
Nuremberg
4%
São Paulo
4%
Valence
4%
Bangkok
2%
No matching quizzes found
Score Distribution
Percent of People with Each Score
Percentile by Number Answered
Your Score History
You have not taken this quiz